00737nam a22002297a 450000500170000001000150001702000260003203500130005803700130007108200080008410000270009224500740011925000120019326000350020527000530024030000320029370000100032570000100033594200220034599900170036795201230038420100814095637.0 aENG-100426 c190.00a9788177097412 aEN-83959 bDBAD/PUB a510 aAggarwal, R. S.913913 aSeniour secondry school mathematics for class 11 /bby R. S. Aggarwal a6th ed. aNew DelhibBharti Bhawanc2010 a4271/3 Ansari Road, DaryaganjbNew Delhie110002 averious pegingsc22cm (Pbk) 912834 913135 2ddccENh510mAGG c41824d41824 001040718NFICaDBADbDBADd2010-08-14g190.00l0o510 AGGpEN-83959r2010-08-14 00:00:00t1v190.00w2010-08-14yEN